| 000 | 00397nam a2200169Ia 4500 | ||
|---|---|---|---|
| 008 | 090124s9999 xx 000 0 und d | ||
| 082 | _b35029 | ||
| 100 | _aSHREE SUBRAMANIAM | ||
| 245 | _aTHE TURNING POINT | ||
| 250 | _a0 | ||
| 300 | _a83 | ||
| 600 | _aSHREE SUBRAMANIAM | ||
| 630 | _aTHE TURNING POINT | ||
| 700 | _aSHREE SUBRAMANIAM | ||
| 730 | _aTHE TURNING POINT | ||
| 942 | _cBOOK | ||
| 999 |
_c100982 _d100982 |
||